| 000 | 00403nam a22001577a 4500 | ||
|---|---|---|---|
| 003 | MACL | ||
| 005 | 20260410150909.0 | ||
| 008 | 260410b |||||||| |||| 00| 0 eng d | ||
| 040 | _cMACL | ||
| 082 | _a400\RAJ | ||
| 100 |
_aEdi.Rajendran,C _984020 |
||
| 245 |
_aRevisiting Bhasa _bPerspectives And Perceptions |
||
| 260 |
_aNew Delhi _bSahitya akademi _c2021 |
||
| 650 | _alanguage | ||
| 942 |
_2ddc _cBK |
||
| 999 |
_c69042 _d69042 |
||